| Tag |
First Indicator |
Second Indicator |
Subfields |
| LEADER |
00000cam a2200000Ia 4500 |
| 001 |
in00002811773 |
| 008 |
110925s2012 nyua a 000 1 eng d |
| 005 |
20240705223254.0 |
| 016 |
7 |
|
|a 016026695
|2 Uk
|
| 020 |
|
|
|a 9781419701511 (board)
|
| 020 |
|
|
|a 1419701517 (board)
|
| 029 |
1 |
|
|a NZ1
|b 14204950
|
| 035 |
|
|
|a (OCoLC)ocn754727006
|
| 035 |
|
|
|a (OCoLC)754727006
|
| 040 |
|
|
|a BTCTA
|b eng
|c BTCTA
|d UKMGB
|d BDX
|d BKX
|d IK2
|d IEP
|d UIU
|d MUS
|d YDXCP
|d UtOrBLW
|
| 041 |
1 |
|
|a eng
|h fre
|
| 049 |
|
|
|a TXAM
|
| 050 |
|
4 |
|a PZ7.C6278
|b Hi 2012
|
| 082 |
0 |
4 |
|a [E]
|2 23
|
| 100 |
1 |
|
|a Coat, Janik.
|
| 240 |
1 |
0 |
|a Mon hippopotame.
|l English
|
| 245 |
1 |
0 |
|a Hippopposites /
|c Janik Coat.
|
| 246 |
3 |
|
|a Hippo opposites
|
| 246 |
3 |
|
|a HippoOpposites
|
| 264 |
|
1 |
|a New York :
|b Appleseed Books,
|c 2012.
|
| 300 |
|
|
|a 36 unnumbered pages :
|b illustrations (chiefly color) ;
|c 23 cm.
|
| 336 |
|
|
|a text
|b txt
|2 rdacontent
|
| 337 |
|
|
|a unmediated
|b n
|2 rdamedia
|
| 338 |
|
|
|a volume
|b nc
|2 rdacarrier
|
| 500 |
|
|
|a Translation of: Mon hippopotame.
|
| 500 |
|
|
|a On textured board pages.
|
| 520 |
|
|
|a Simple text on board pages describes opposite aspects of a hippopotamus.
|
| 586 |
|
|
|a American Library Association Notable Children's Bk
|
| 650 |
|
0 |
|a Hippopotamus
|v Juvenile fiction.
|
| 650 |
|
0 |
|a Polarity
|v Juvenile fiction.
|
| 650 |
|
0 |
|a Textured books
|v Specimens.
|
| 650 |
|
0 |
|a Picture books for children.
|
| 650 |
|
1 |
|a Hippopotamus
|v Fiction.
|
| 650 |
|
1 |
|a Polarity
|v Fiction.
|
| 650 |
|
1 |
|a Textured books.
|
| 938 |
|
|
|a Baker and Taylor
|b BTCP
|n BK0010175344
|
| 938 |
|
|
|a Brodart
|b BROD
|n 13545515
|c $14.95
|
| 938 |
|
|
|a YBP Library Services
|b YANK
|n 8654078
|
| 945 |
|
|
|a PromptCat
|b 194350
|
| 946 |
|
|
|a curr
|
| 947 |
|
|
|a A14835930114
|
| 948 |
|
|
|a cataloged
|b h
|c 2013/2/12
|d c
|e jlanham
|f 12:57:52 pm
|
| 994 |
|
|
|a 92
|b TXA
|
| 999 |
|
|
|a MARS
|
| 999 |
f |
f |
|s dd7e50f9-1de8-3535-8330-983eb280debc
|i 1452e3ca-3acd-3835-a2ac-37727225da49
|t 0
|
| 952 |
f |
f |
|p normal
|a Texas A&M University
|b College Station
|c Sterling C. Evans Library
|d Evans: Curriculum Collection (4th floor)
|t 0
|e PZ7.C6278 Hi 2012
|h Library of Congress classification
|i unmediated -- volume
|m A14835930114
|
| 998 |
f |
f |
|a PZ7.C6278 Hi 2012
|t 0
|l Evans: Curriculum Collection (4th floor)
|